[Event "Regionalliga Nord-Ost 1819"]
[Site "Bayern"]
[Date "2019.04.07"]
[Round "9.4"]
[White "Haeckler, Daniel"]
[Black "Zeltner, Ottmar"]
[Result "1/2-1/2"]
[WhiteElo "2051"]
[BlackElo "1937"]
[PlyCount "81"]
[EventDate "2018.10.21"]
[EventType "team-tourn"]
[EventRounds "9"]
[EventCountry "GER"]
[SourceTitle "EXT 2022"]
[Source "ChessBase"]
[SourceDate "2021.10.06"]
[SourceVersion "1"]
[SourceVersionDate "2021.10.06"]
[SourceQuality "1"]
[WhiteTeam "Buechenbach/Roth"]
[BlackTeam "Rothenburg"]
[WhiteTeamCountry "GER"]
[BlackTeamCountry "GER"]

1. e4 e5 2. Nf3 Nc6 3. Bb5 a6 4. Bxc6 dxc6 5. d3 Qd6 6. Be3 Bd7 7. Nbd2 f6 8. Qe2 Nh6 9. d4 Ng4 10. Nc4 Qe7 11. dxe5 fxe5 12. Bg5 Qc5 13. h3 Be6 14. Nfd2 Nf6 15. Be3 Qb4 16. c3 Bxc4 17. Nxc4 Qe7 18. 0-0-0 b5 19. Nd2 Qe6 20. Kb1 Bd6 21. g4 0-0 22. Rdg1 c5 23. c4 Rfb8 24. Rc1 b4 25. Qd3 Nd7 26. Qd5 Re8 27. Nb3 Nf6 28. Qxe6+ Rxe6 29. Nd2 Nd7 30. Kc2 a5 31. Kd3 a4 32. Rhd1 Rf8 33. Ke2 Nb8 34. a3 bxa3 35. bxa3 Nc6 36. Kd3 Nd4 37. Rb1 Ree8 38. Rb7 Ra8 39. Rdb1 Rf7 40. R1b2 Ne6 41. R2b5 1/2-1/2

[Event "Regionalliga Nord-Ost 1819"]
[Site "Bayern"]
[Date "2018.12.16"]
[Round "4.5"]
[White "Reichmann, Ulrich"]
[Black "Haeckler, Daniel"]
[Result "1/2-1/2"]
[WhiteElo "1889"]
[BlackElo "2051"]
[PlyCount "33"]
[EventDate "2018.10.21"]
[EventType "team-tourn"]
[EventRounds "9"]
[EventCountry "GER"]
[SourceTitle "EXT 2022"]
[Source "ChessBase"]
[SourceDate "2021.10.06"]
[SourceVersion "1"]
[SourceVersionDate "2021.10.06"]
[SourceQuality "1"]
[WhiteTeam "Postbauer Heng"]
[BlackTeam "Buechenbach/Roth"]
[WhiteTeamCountry "GER"]
[BlackTeamCountry "GER"]

1. e4 d5 2. exd5 Qxd5 3. Nc3 Qd6 4. d4 Nf6 5. Nf3 Bg4 6. h3 Bh5 7. g4 Bg6 8. Ne5 c6 9. Nc4 Qc7 10. Bg2 e6 11. 0-0 Be7 12. Bg5 Nd5 13. Bxe7 Nxe7 14. Qd2 Nd7 15. Rae1 0-0-0 16. b4 h5 17. g5 1/2-1/2

[Event "Regionalliga Nord-Ost 1819"]
[Site "Bayern"]
[Date "2018.11.11"]
[Round "2.5"]
[White "Baur, Stephan"]
[Black "Haeckler, Daniel"]
[Result "1/2-1/2"]
[WhiteElo "1931"]
[BlackElo "2051"]
[PlyCount "79"]
[EventDate "2018.10.21"]
[EventType "team-tourn"]
[EventRounds "9"]
[EventCountry "GER"]
[SourceTitle "EXT 2022"]
[Source "ChessBase"]
[SourceDate "2021.10.06"]
[SourceVersion "1"]
[SourceVersionDate "2021.10.06"]
[SourceQuality "1"]
[WhiteTeam "Kelheim SK II"]
[BlackTeam "Buechenbach/Roth"]
[WhiteTeamCountry "GER"]
[BlackTeamCountry "GER"]

1. d4 Nf6 2. Nf3 b6 3. g3 Bb7 4. Bg2 c5 5. c3 e6 6. 0-0 Be7 7. Re1 d5 8. Bf4 0-0 9. Nbd2 Nbd7 10. Ne5 cxd4 11. cxd4 Rc8 12. Rc1 Rxc1 13. Qxc1 Qc8 14. Qb1 Qa8 15. Ndf3 h6 16. Bh3 Rd8 17. Rc1 Rc8 18. g4 Nxe5 19. Nxe5 Ne4 20. f3 Nd6 21. b3 Rxc1+ 22. Bxc1 Nb5 23. e3 Qc8 24. Bd2 Na3 25. Qc1 Qxc1+ 26. Bxc1 Nc2 27. Bf1 f6 28. Nd3 Kf7 29. Kf2 Bd6 30. h4 Nb4 31. Nxb4 Bxb4 32. Bd3 Bc6 33. a3 Bd6 34. b4 b5 35. Bb2 Bd7 36. f4 Be7 37. Kg3 f5 38. g5 h5 39. Be2 g6 40. Kf2 1/2-1/2

[Event "Regionalliga Nord-Ost 1718"]
[Site "Bayern"]
[Date "2017.12.10"]
[Round "4.4"]
[White "Haeckler, Daniel"]
[Black "Willim, Michael"]
[Result "1/2-1/2"]
[WhiteElo "2086"]
[BlackElo "2086"]
[PlyCount "25"]
[EventDate "2017.10.22"]
[EventType "team-tourn"]
[EventRounds "9"]
[EventCountry "GER"]
[SourceTitle "EXT 2022"]
[Source "ChessBase"]
[SourceDate "2021.10.06"]
[SourceVersion "1"]
[SourceVersionDate "2021.10.06"]
[SourceQuality "1"]
[WhiteTeam "Buechenbach/Roth"]
[BlackTeam "Erlangen SC II"]
[WhiteTeamCountry "GER"]
[BlackTeamCountry "GER"]

1. e4 e5 2. Nf3 Nc6 3. d4 exd4 4. Nxd4 Nf6 5. Nc3 Bb4 6. Nxc6 bxc6 7. Bd3 0-0 8. 0-0 d5 9. exd5 cxd5 10. Bg5 c6 11. Qf3 Re8 12. h3 Rb8 13. Ne2 1/2-1/2

[Event "Regionalliga Nord-Ost 1718"]
[Site "Bayern"]
[Date "2017.11.26"]
[Round "3.4"]
[White "Kappl, Peter"]
[Black "Haeckler, Daniel"]
[Result "0-1"]
[WhiteElo "1939"]
[BlackElo "2086"]
[PlyCount "76"]
[EventDate "2017.10.22"]
[EventType "team-tourn"]
[EventRounds "9"]
[EventCountry "GER"]
[SourceTitle "EXT 2022"]
[Source "ChessBase"]
[SourceDate "2021.10.06"]
[SourceVersion "1"]
[SourceVersionDate "2021.10.06"]
[SourceQuality "1"]
[WhiteTeam "Kareth Lappersdorf II"]
[BlackTeam "Buechenbach/Roth"]
[WhiteTeamCountry "GER"]
[BlackTeamCountry "GER"]

1. c4 b6 2. Nf3 Bb7 3. Nc3 Nf6 4. d4 e6 5. e3 Be7 6. Be2 0-0 7. 0-0 d5 8. b3 Nbd7 9. Bb2 c5 10. Ne5 dxc4 11. Bxc4 Nxe5 12. dxe5 Nd5 13. Qg4 Nxc3 14. Bxc3 Qc7 15. h4 Qc6 16. h5 Qe4 17. Qxe4 Bxe4 18. Rfd1 Rfd8 19. f3 Bc6 20. Kf2 Kf8 21. Ke2 Ke8 22. Bd3 h6 23. e4 Rd7 24. Ke3 b5 25. Be2 a5 26. a3 Rxd1 27. Bxd1 b4 28. axb4 cxb4 29. Bd4 Kd7 30. g3 Kc7 31. Rc1 Kb7 32. f4 a4 33. bxa4 Bxa4 34. Be2 Bc6 35. Kd2 Bxe4 36. Bc4 Ra3 37. g4 Bf3 38. Be2 Ra2+ 0-1

[Event "Regionalliga NO 1617"]
[Site "Bayern"]
[Date "2017.01.15"]
[Round "4.5"]
[White "Diehl, Achim"]
[Black "Haeckler, Daniel"]
[Result "1-0"]
[WhiteElo "1981"]
[BlackElo "2080"]
[PlyCount "71"]
[EventDate "2016.10.16"]
[EventType "team-tourn"]
[EventRounds "9"]
[EventCountry "GER"]
[SourceTitle "EXT 2019"]
[Source "ChessBase"]
[SourceDate "2018.10.10"]
[SourceVersion "1"]
[SourceVersionDate "2018.10.10"]
[SourceQuality "1"]
[WhiteTeam "Nuernberg Sued SW II"]
[BlackTeam "Buechenbach/Roth"]
[WhiteTeamCountry "GER"]
[BlackTeamCountry "GER"]

1. e4 b6 2. d4 Bb7 3. Nd2 e6 4. Ngf3 c5 5. Bd3 cxd4 6. Nxd4 Nc6 7. Nxc6 Bxc6 8. 0-0 Qc7 9. Nb3 Nf6 10. Qe2 Qb7 11. Re1 e5 12. a4 Be7 13. a5 0-0 14. Bd2 d6 15. Bc3 Nd7 16. f4 Bf6 17. f5 d5 18. exd5 Bxd5 19. Be4 Rfd8 20. axb6 axb6 21. Nd2 Be7 22. Rxa8 Rxa8 23. Qb5 Bxe4 24. Nxe4 Nc5 25. Nd2 f6 26. Nc4 Rb8 27. b4 Ne4 28. Bd2 Nxd2 29. Nxd2 Qc8 30. Qd3 Qd8 31. Qb3+ Kh8 32. Nf3 Qd7 33. g4 g6 34. fxg6 Qxg4+ 35. Kh1 Qxg6 36. Qc4 1-0

[Event "Mittelfranken-chTB1 1415"]
[Site "Mittelfranken"]
[Date "2015.03.22"]
[Round "8.3"]
[White "Herbst, Thomas"]
[Black "Haeckler, Daniel"]
[Result "0-1"]
[WhiteElo "1823"]
[BlackElo "2080"]
[PlyCount "82"]
[EventDate "2014.09.29"]
[EventType "team-tourn"]
[EventRounds "9"]
[EventCountry "GER"]
[SourceTitle "EXT 2020"]
[Source "ChessBase"]
[SourceDate "2019.10.17"]
[SourceVersion "1"]
[SourceVersionDate "2019.10.17"]
[SourceQuality "1"]
[WhiteTeam "Nuernberg SK 1911"]
[BlackTeam "Buechenbach/Roth"]
[WhiteTeamCountry "GER"]
[BlackTeamCountry "GER"]

1. Nf3 b6 2. g3 Bb7 3. Bg2 e6 4. 0-0 Nf6 5. d4 c5 6. c4 cxd4 7. Qxd4 Nc6 8. Qd1 Be7 9. Nc3 a6 10. b3 0-0 11. Bb2 Qc7 12. Rc1 Rac8 13. e4 d6 14. Qe2 Nb8 15. Nd2 Nbd7 16. f4 Qb8 17. g4 Ne8 18. g5 Nc7 19. h4 Rce8 20. Rce1 f5 21. e5 dxe5 22. fxe5 Bxg2 23. Kxg2 Qb7+ 24. Qf3 Qxf3+ 25. Nxf3 Nc5 26. Rd1 Rd8 27. Ba3 Kf7 28. Bxc5 Bxc5 29. Na4 a5 30. Nxc5 bxc5 31. h5 Na6 32. Rd6 Nb4 33. Rfd1 Ke7 34. a3 Nc2 35. R1d3 Nxa3 36. g6 h6 37. Ne1 a4 38. bxa4 Nxc4 39. Rc6 Nxe5 40. Rxd8 Nxc6 41. Rd1 Ra8 0-1

[Event "Mittelfranken-chTB1 1415"]
[Site "Mittelfranken"]
[Date "2015.02.08"]
[Round "6.3"]
[White "Petzold, Vinzenz"]
[Black "Haeckler, Daniel"]
[Result "1/2-1/2"]
[WhiteElo "1997"]
[BlackElo "2080"]
[PlyCount "30"]
[EventDate "2014.09.29"]
[EventType "team-tourn"]
[EventRounds "9"]
[EventCountry "GER"]
[SourceTitle "EXT 2020"]
[Source "ChessBase"]
[SourceDate "2019.10.17"]
[SourceVersion "1"]
[SourceVersionDate "2019.10.17"]
[SourceQuality "1"]
[WhiteTeam "Nuernberg Zabo"]
[BlackTeam "Buechenbach/Roth"]
[WhiteTeamCountry "GER"]
[BlackTeamCountry "GER"]

1. d4 d6 2. c4 e5 3. Nf3 exd4 4. Nxd4 g6 5. Nc3 Bg7 6. e4 Nc6 7. Be3 Nge7 8. Be2 0-0 9. Qd2 f5 10. f3 fxe4 11. Nxe4 Nf5 12. Nxf5 Bxf5 13. 0-0 Qe7 14. Bg5 Qe5 15. Qd5+ Be6 1/2-1/2

[Event "Mittelfranken-chTB1 1314"]
[Site "Mittelfranken"]
[Date "2014.01.12"]
[Round "4.5"]
[White "Nehls, Benedikt"]
[Black "Haeckler, Daniel"]
[Result "0-1"]
[WhiteElo "2013"]
[BlackElo "2080"]
[PlyCount "63"]
[EventDate "2013.10.20"]
[EventType "team-tourn"]
[EventRounds "9"]
[EventCountry "GER"]
[SourceTitle "EXT 2020"]
[Source "ChessBase"]
[SourceDate "2019.10.17"]
[SourceVersion "1"]
[SourceVersionDate "2019.10.17"]
[SourceQuality "1"]
[WhiteTeam "Erlangen SC II"]
[BlackTeam "Buechenbach/Roth"]
[WhiteTeamCountry "GER"]
[BlackTeamCountry "GER"]

1. d4 Nf6 2. Nf3 e6 3. c4 b6 4. g3 Bb7 5. Bg2 Be7 6. 0-0 0-0 7. Nc3 Ne4 8. Qc2 Nxc3 9. Qxc3 c5 10. Qc2 cxd4 11. Ng5 Bxg5 12. Bxb7 Bxc1 13. Raxc1 Nc6 14. Bxa8 Qxa8 15. Qd2 a5 16. b3 e5 17. f3 d6 18. a3 Nd8 19. b4 Ne6 20. bxa5 bxa5 21. Rb1 Nc5 22. Rb5 a4 23. Qa5 Qc8 24. Rfb1 g6 25. Qa7 Qe6 26. R1b4 e4 27. Rb8 d3 28. Rxf8+ Kxf8 29. Qa8+ Kg7 30. e3 d2 31. Rb1 Qxc4 32. Rf1 0-1

[Event "Mittelfranken-chTB1 1314"]
[Site "Mittelfranken"]
[Date "2013.11.17"]
[Round "2.5"]
[White "Maettig, Stefan"]
[Black "Haeckler, Daniel"]
[Result "1/2-1/2"]
[WhiteElo "1925"]
[BlackElo "2080"]
[PlyCount "44"]
[EventDate "2013.10.20"]
[EventType "team-tourn"]
[EventRounds "9"]
[EventCountry "GER"]
[SourceTitle "EXT 2020"]
[Source "ChessBase"]
[SourceDate "2019.10.17"]
[SourceVersion "1"]
[SourceVersionDate "2019.10.17"]
[SourceQuality "1"]
[WhiteTeam "Nuernberg NT III"]
[BlackTeam "Buechenbach/Roth"]
[WhiteTeamCountry "GER"]
[BlackTeamCountry "GER"]

1. Nf3 b6 2. g3 Bb7 3. Bg2 e6 4. 0-0 Nf6 5. d4 c5 6. c4 cxd4 7. Nxd4 Bxg2 8. Kxg2 Qc7 9. b3 a6 10. f3 Be7 11. Ba3 d6 12. Qd2 0-0 13. Nc3 Rd8 14. Rfd1 Nbd7 15. e4 Rac8 16. Rac1 Qb7 17. Bb4 Bf8 18. Nc2 Nc5 19. Ne3 Rd7 20. h3 Rcd8 21. Ng4 Be7 22. Ne3 Bf8 1/2-1/2

[Event "Mittelfranken-chTB1 1314"]
[Site "Mittelfranken"]
[Date "2013.10.20"]
[Round "1.4"]
[White "Mueller, Maximilian"]
[Black "Haeckler, Daniel"]
[Result "1-0"]
[WhiteElo "1833"]
[BlackElo "2080"]
[PlyCount "61"]
[EventDate "2013.10.20"]
[EventType "team-tourn"]
[EventRounds "9"]
[EventCountry "GER"]
[SourceTitle "EXT 2020"]
[Source "ChessBase"]
[SourceDate "2019.10.17"]
[SourceVersion "1"]
[SourceVersionDate "2019.10.17"]
[SourceQuality "1"]
[WhiteTeam "Buechenbach/Roth II"]
[BlackTeam "Buechenbach/Roth"]
[WhiteTeamCountry "GER"]
[BlackTeamCountry "GER"]

1. e4 c5 2. Nf3 Nc6 3. Nc3 g6 4. d4 cxd4 5. Nxd4 Bg7 6. Be3 d6 7. Be2 Nf6 8. f3 Bd7 9. Qd2 Rc8 10. 0-0-0 Ne5 11. g4 Nc4 12. Bxc4 Rxc4 13. h4 Qa5 14. Kb1 a6 15. Nb3 Qc7 16. g5 Nh5 17. Nd5 Qb8 18. Na5 Rc8 19. Nb6 Rd8 20. Qd5 0-0 21. Qxb7 Be6 22. Qxa6 Bc8 23. Qd3 Bd7 24. Nb3 Be6 25. Nd5 Rd7 26. f4 Rc8 27. Nb6 Rdc7 28. Nxc8 Qxc8 29. Bc1 d5 30. f5 dxe4 31. Qd8+ 1-0

[Event "Mittelfranken-chTB1 1213"]
[Site "Germany"]
[Date "2012.12.17"]
[Round "5.4"]
[White "Haeckler, Daniel"]
[Black "Just, Hannes"]
[Result "0-1"]
[WhiteElo "2074"]
[BlackElo "2047"]
[PlyCount "68"]
[EventDate "2012.10.07"]
[EventType "team-tourn"]
[EventRounds "9"]
[EventCountry "GER"]
[SourceTitle "EXT 2019"]
[Source "ChessBase"]
[SourceDate "2018.10.10"]
[SourceVersion "1"]
[SourceVersionDate "2018.10.10"]
[SourceQuality "1"]
[WhiteTeam "Buechenbach/Roth"]
[BlackTeam "Nuernberg Sued SW II"]
[WhiteTeamCountry "GER"]
[BlackTeamCountry "GER"]

1. e4 e5 2. Nc3 Nf6 3. f4 d5 4. fxe5 Nxe4 5. Nf3 Bg4 6. Be2 Nc6 7. d3 Nc5 8. Bg5 Qd7 9. 0-0 Ne6 10. Bh4 h6 11. h3 Bh5 12. g4 g5 13. Bg3 Bg6 14. d4 h5 15. Qd2 hxg4 16. hxg4 Be7 17. Nd1 Rh3 18. Kf2 Be4 19. c3 0-0-0 20. Ne3 Rdh8 21. Rg1 f6 22. Bf1 R3h7 23. Bg2 fxe5 24. dxe5 Rf7 25. Ke2 Nf4+ 26. Bxf4 Rxf4 27. Nd4 Nxe5 28. Bxe4 Rxe4 29. Kd1 Rh3 30. Ndf5 Bc5 31. Re1 Bxe3 32. Nxe3 Rhxe3 33. Rxe3 Nc4 34. Rxe4 Nxd2 0-1

[Event "Mittelfranken-chTB1 1112"]
[Site "Germany"]
[Date "2012.02.26"]
[Round "7.3"]
[White "Haeckler, Daniel"]
[Black "Fischer, Gerd"]
[Result "1-0"]
[WhiteElo "2074"]
[BlackElo "2029"]
[PlyCount "101"]
[EventDate "2011.09.25"]
[EventType "team-tourn"]
[EventRounds "9"]
[EventCountry "GER"]
[SourceTitle "EXT 2018"]
[Source "ChessBase"]
[SourceDate "2017.10.13"]
[SourceVersion "1"]
[SourceVersionDate "2017.10.13"]
[SourceQuality "1"]
[WhiteTeam "Buechenbach/Roth"]
[BlackTeam "Gunzenhausen"]
[WhiteTeamCountry "GER"]
[BlackTeamCountry "GER"]

1. e4 c5 2. c3 d5 3. exd5 Qxd5 4. d4 Nf6 5. Nf3 Nc6 6. Be2 e6 7. Na3 cxd4 8. Nb5 Qd8 9. Nbxd4 Nxd4 10. Nxd4 a6 11. 0-0 Be7 12. Qb3 0-0 13. Bf4 Bd6 14. Bxd6 Qxd6 15. Rad1 Qc7 16. Rfe1 h6 17. Bf3 e5 18. Nc2 Rb8 19. Nb4 Be6 20. Nd5 Nxd5 21. Bxd5 Bxd5 22. Rxd5 Rfe8 23. Red1 Re7 24. Qa4 Qb6 25. b3 e4 26. Qd4 Qxd4 27. R5xd4 f5 28. Rd7 Rbe8 29. Kf1 Kf7 30. Ke2 f4 31. f3 e3 32. g3 g5 33. gxf4 gxf4 34. R7d4 Rg8 35. Rxf4+ Ke8 36. Rg4 Rxg4 37. fxg4 Rg7 38. Rg1 h5 39. h3 hxg4 40. hxg4 Rh7 41. Kxe3 Rh3+ 42. Kd4 Rh2 43. a4 Rb2 44. b4 b6 45. Kd5 Kd7 46. g5 Rd2+ 47. Kc4 Ke7 48. g6 Kf8 49. g7+ Kg8 50. Rg6 Ra2 51. Kb3 1-0

[Event "Mittelfranken-chTB1 1112"]
[Site "Germany"]
[Date "2012.01.15"]
[Round "5.3"]
[White "Haeckler, Daniel"]
[Black "Erlbeck, Peter"]
[Result "0-1"]
[WhiteElo "2047"]
[BlackElo "2013"]
[PlyCount "130"]
[EventDate "2011.09.25"]
[EventType "team-tourn"]
[EventRounds "9"]
[EventCountry "GER"]
[SourceTitle "EXT 2013"]
[Source "ChessBase"]
[SourceDate "2012.11.22"]
[SourceVersion "1"]
[SourceVersionDate "2012.11.22"]
[SourceQuality "1"]
[WhiteTeam "Buechenbach/Roth"]
[BlackTeam "Nuernberg Sued SW II"]
[WhiteTeamCountry "GER"]
[BlackTeamCountry "GER"]

1. e4 c5 2. Nf3 Nc6 3. Bb5 g6 4. 0-0 Bg7 5. Re1 Nf6 6. Nc3 0-0 7. e5 Ne8 8. Bxc6 dxc6 9. Ne4 b6 10. d3 Nc7 11. h3 Ne6 12. Be3 Qc7 13. Ng3 Re8 14. Bd2 Bb7 15. Qe2 Rad8 16. h4 Bc8 17. h5 Rd5 18. hxg6 fxg6 19. a4 Rf8 20. a5 b5 21. Qe4 Nd4 22. Nxd4 Rxd4 23. Qe2 c4 24. Bc3 cxd3 25. cxd3 Rd5 26. d4 a6 27. Rad1 c5 28. dxc5 Rxc5 29. Ne4 Rc4 30. Nd2 Rcf4 31. f3 b4 32. g3 bxc3 33. gxf4 cxd2 34. Qxd2 Be6 35. Rc1 Qb7 36. Re4 Bf5 37. Re3 Rb8 38. Rec3 Bh6 39. Qd4 Qxb2 40. Rc8+ Bf8 41. Qc4+ Kg7 42. Rxb8 Qxb8 43. Qxa6 Qb4 44. Qb6 Qxf4 45. Rc3 Qg3+ 46. Kf1 Qxe5 47. Re3 Bh3+ 48. Ke1 Qa1+ 49. Kd2 Qa2+ 50. Kd1 e5 51. Qb5 Kh6 52. f4 Qa1+ 53. Kd2 Qd4+ 54. Qd3 Bb4+ 55. Kc1 Qa1+ 56. Qb1 Bd2+ 57. Kxd2 Qxb1 58. Rxh3+ Kg7 59. Rd3 Qb4+ 60. Ke2 Qe4+ 61. Re3 Qc2+ 62. Kf3 Qc6+ 63. Kg3 exf4+ 64. Kxf4 Qc7+ 65. Kf3 Qxa5 0-1

[Event "Mittelfranken-chTB1 1112"]
[Site "Germany"]
[Date "2011.11.20"]
[Round "3.4"]
[White "Pasedag, Peter"]
[Black "Haeckler, Daniel"]
[Result "1/2-1/2"]
[WhiteElo "2134"]
[BlackElo "2047"]
[PlyCount "52"]
[EventDate "2011.09.25"]
[EventType "team-tourn"]
[EventRounds "9"]
[EventCountry "GER"]
[SourceTitle "EXT 2013"]
[Source "ChessBase"]
[SourceDate "2012.11.22"]
[SourceVersion "1"]
[SourceVersionDate "2012.11.22"]
[SourceQuality "1"]
[WhiteTeam "Fuerth"]
[BlackTeam "Buechenbach/Roth"]
[WhiteTeamCountry "GER"]
[BlackTeamCountry "GER"]

1. e4 d5 2. exd5 Qxd5 3. Nc3 Qd6 4. d4 Nf6 5. Nf3 a6 6. g3 Bg4 7. Bg2 Nc6 8. 0-0 e6 9. Bf4 Qd7 10. h3 Bxf3 11. Qxf3 0-0-0 12. Rfd1 Nd5 13. Nxd5 exd5 14. c4 dxc4 15. d5 Na7 16. Rac1 Bd6 17. Be3 Kb8 18. Rxc4 Nc8 19. Rdc1 Rhe8 20. Bd4 Nb6 21. R4c2 f6 22. Qb3 Qa4 23. Qd3 h6 24. Bf3 Nd7 25. b3 Qa5 26. b4 Qxb4 1/2-1/2

[Event "Mittelfranken-chTB1 1011"]
[Site "Germany"]
[Date "2011.03.13"]
[Round "7.4"]
[White "Haeckler, Daniel"]
[Black "Maettig, Stefan"]
[Result "1-0"]
[WhiteElo "2033"]
[BlackElo "1979"]
[PlyCount "69"]
[EventDate "2010.09.26"]
[EventType "team-tourn"]
[EventRounds "9"]
[EventCountry "GER"]
[SourceTitle "EXT 2012"]
[Source "ChessBase"]
[SourceDate "2011.11.24"]
[SourceVersion "1"]
[SourceVersionDate "2011.11.24"]
[SourceQuality "1"]
[WhiteTeam "Buechenbach/Roth"]
[BlackTeam "Nuernberg NT III"]
[WhiteTeamCountry "GER"]
[BlackTeamCountry "GER"]

1. e4 c5 2. c3 e6 3. Nf3 Nf6 4. e5 Nd5 5. Bc4 Nc7 6. d4 b5 7. Bd3 Bb7 8. 0-0 Nc6 9. Bf4 d6 10. Qe2 a6 11. Nbd2 cxd4 12. cxd4 dxe5 13. dxe5 Nd4 14. Nxd4 Qxd4 15. Ne4 Rd8 16. Rad1 Qa7 17. Bg3 Be7 18. Qg4 g6 19. Bh4 Bxe4 20. Bxe4 Nd5 21. Bxe7 Qxe7 22. Qf3 0-0 23. Bxd5 exd5 24. Rxd5 Rxd5 25. Qxd5 Rd8 26. Qe4 Rd2 27. Re1 Qc5 28. Rf1 Rxb2 29. Qa8+ Kg7 30. Qxa6 Qxe5 31. h3 Qe2 32. Qa5 Rxa2 33. Qb4 Qe6 34. Qc3+ Qf6 35. Qb4 1-0

[Event "Regionalliga NO 0910"]
[Site "Bayern"]
[Date "2010.04.11"]
[Round "9.5"]
[White "Laubert, Johannes"]
[Black "Haeckler, Daniel"]
[Result "1-0"]
[WhiteElo "1980"]
[BlackElo "2033"]
[PlyCount "57"]
[EventDate "2009.10.18"]
[EventType "team-tourn"]
[EventRounds "9"]
[EventCountry "GER"]
[SourceTitle "EXT 2011"]
[Source "ChessBase"]
[SourceDate "2010.11.26"]
[SourceVersion "1"]
[SourceVersionDate "2010.11.26"]
[SourceQuality "1"]
[WhiteTeam "Windischeschenbach"]
[BlackTeam "Buechenbach/Roth"]
[WhiteTeamCountry "GER"]
[BlackTeamCountry "GER"]

1. e4 d5 2. exd5 Qxd5 3. Nc3 Qd6 4. d4 Nf6 5. Nf3 a6 6. g3 Bg4 7. Bg2 e6 8. 0-0 Be7 9. Bf4 Qd8 10. Qd3 c6 11. Ne4 0-0 12. c4 Nxe4 13. Qxe4 Nd7 14. Rad1 Qa5 15. a3 Nf6 16. Qe3 Rac8 17. Rd2 b5 18. Ne5 Qb6 19. h3 Bh5 20. g4 Bg6 21. g5 Nh5 22. Nd7 Qd8 23. Nxf8 Kxf8 24. h4 bxc4 25. Rc1 Bd3 26. Bh2 c5 27. dxc5 Rxc5 28. Be4 Bxg5 29. Qxc5+ 1-0

[Event "Regionalliga NO 0910"]
[Site "Bayern"]
[Date "2009.12.13"]
[Round "4.4"]
[White "Haeckler, Daniel"]
[Black "Schatz, Christian"]
[Result "1/2-1/2"]
[WhiteElo "2033"]
[BlackElo "2067"]
[PlyCount "31"]
[EventDate "2009.10.18"]
[EventType "team-tourn"]
[EventRounds "9"]
[EventCountry "GER"]
[SourceTitle "EXT 2011"]
[Source "ChessBase"]
[SourceDate "2010.11.26"]
[SourceVersion "1"]
[SourceVersionDate "2010.11.26"]
[SourceQuality "1"]
[WhiteTeam "Buechenbach/Roth"]
[BlackTeam "Fuerth"]
[WhiteTeamCountry "GER"]
[BlackTeamCountry "GER"]

1. e4 c6 2. Nc3 d5 3. Nf3 g6 4. exd5 cxd5 5. Bb5+ Nc6 6. 0-0 Nf6 7. Re1 Bg7 8. Qe2 Bd7 9. d4 e6 10. Bf4 0-0 11. Bxc6 Bxc6 12. Be5 Qb6 13. Rab1 Rac8 14. Rec1 Ne4 15. Bxg7 Kxg7 16. Qe3 1/2-1/2

[Event "Regionalliga NO 0910"]
[Site "Bayern"]
[Date "2009.10.18"]
[Round "1.4"]
[White "Seidl, Juergen"]
[Black "Haeckler, Daniel"]
[Result "0-1"]
[WhiteElo "2069"]
[BlackElo "2033"]
[PlyCount "76"]
[EventDate "2009.10.18"]
[EventType "team-tourn"]
[EventRounds "9"]
[EventCountry "GER"]
[SourceTitle "EXT 2011"]
[Source "ChessBase"]
[SourceDate "2010.11.26"]
[SourceVersion "1"]
[SourceVersionDate "2010.11.26"]
[SourceQuality "1"]
[WhiteTeam "Kareth Lappersdorf"]
[BlackTeam "Buechenbach/Roth"]
[WhiteTeamCountry "GER"]
[BlackTeamCountry "GER"]

1. d4 d5 2. c4 dxc4 3. e3 Nf6 4. Bxc4 e6 5. Nf3 c5 6. 0-0 Qc7 7. Qe2 a6 8. a4 Nc6 9. Nc3 Bd6 10. h3 0-0 11. dxc5 Bxc5 12. e4 Nh5 13. Be3 Nf4 14. Qd2 Bxe3 15. Qxe3 Nb4 16. Bb3 Nfd3 17. Na2 Nxa2 18. Qxd3 Nb4 19. Qe2 Bd7 20. Rac1 Bc6 21. Rc4 a5 22. Nd4 Rfd8 23. Nxc6 Nxc6 24. Qe3 Qe5 25. f4 Qxb2 26. Rf2 Qa3 27. Qg3 Nd4 28. Rc3 Rac8 29. Rd3 Nxb3 30. Rxb3 Qxa4 31. f5 Qxe4 32. f6 Qg6 33. Qe5 Rd5 34. Qb2 Rcd8 35. Rxb7 gxf6 36. Rxf6 Qg3 37. Rbxf7 Rd2 38. Rf1 Qxg2# 0-1